| 000 | 00000nam##2200000za#4500 |
| 001 | 9.604049 |
| 003 | CaOODSP |
| 005 | 20260128153023 |
| 007 | cr ||||||||||| |
| 008 | 150406|2003||||xxc|||||o f|0| 0 fre|d |
| 022 | |a1488-545X |
| 040 | |aCaOODSP|bfre |
| 043 | |an-cn--- |
| 086 | 1 |aFs97-6/2512F-PDF |
| 110 | 2 |aInstitut Maurice-Lamontagne. |
| 245 | 10|aEffets de le pêche commerciale sur le gisement de pétoncles d'Islande (Chlamys islandica) de l'île Rouge dans l'estuaire du Saint-Laurent : |h[ressource électronique]|bévaluation des impacts sur le pétoncle et la communauté benthique associée / |c[par] Marie-Josée Arseneau, Philippe Archambault et Patrice Goudreau. |
| 260 | |aMont-Joli - Québec : |bPêches et Océans Canada. |cc2003. |
| 300 | |a48p.|bcartes en couleur, graphiques, références, tableaux, photographies |
| 490 | 1 |aRapport technique canadien des sciences halieutiques et aquatiques|x1488-545X|vN° 2512 |
| 500 | |aLe n° de catalogue (Fs97-6/2512F) et l'ISSN (0706-6570) de l'édition imprimée ont été incorrectement copiés dans cette édition électronique. |
| 546 | |a(Abstract in English) |
| 590 | |a12-24-Supp|b2012-05-30 |
| 720 | 1 |aGoudreau, Patrice |
| 720 | 1 |aArseneau, Marie-Josée |
| 720 | 1 |aArchambault, Philippe |
| 776 | 0#|tEffets de la pêche commerciale sur le gisement de pétoncles d'Islande (Chlamys islandica) de l'île Rouge dans l'estuaire du Saint-Laurent : |w(CaOODSP)9.626587 |
| 830 | #0|aRapport technique canadien des sciences halieutiques et aquatiques,|x1488-545X|vN° 2512|w(CaOODSP)9.500867 |
| 856 | 40|ahttp://publications.gc.ca|qPDF|s749 Ko|uhttps://publications.gc.ca/collections/collection_2012/mpo-dfo/Fs97-6-2512-fra.pdf|yN° 2512 |